000 00802nam a22002177a 4500
999 _c20363
_d20363
003 AR-CdUCM
008 190312b ||||| |||| 00| 0 spa d
040 _aMUNICIPALIDAD PROVINCIAL DEL CUSCO
_cBIBLIOTECA MUNICIPAL DEL CUSCO
082 _a335.409 /
_bAF28
100 _aAfanásiev, Víctor
_938845
245 _aDel socialismo utópico al comunismo científico /
260 _aBuenos Aires :
_bEdiciones estudio,
_c1969.
300 _a341 páginas ;
_c20 cm.
505 _aContenido : De la utopía a la ciencia -- El socialismo utópico y su lugar histórico -- Las revoluciones de liberación nacional...
650 _aSociedad comunista
_913625
650 _aSocialismo
_91037
650 _aProceso revolucionario
_93890
650 _aUtopistas
_942583
942 _2ddc
_cLIBROS
945 _arcc